000 00234nmm a2200085Ia 4500
008 220120s9999||||xx |||||||||||||||||und||
100 _aIT
_910698
245 0 _aTech tools: Macromedia, JRUN4 , SOT office 2002, sun one stu
260 _c2002
999 _c138643
_d138643